Geography Quiz

Random Geography or City Quiz

Most populous city per US state Quiz Stats

 Plays Quiz not verified by Sporcle

Support Sporcle.
Go Orange.
Score 0/50 Timer 05:00
0 Plays Today
State City % Correct
CaliforniaLos Angeles
99%
ArizonaPhoenix
97.3%
IllinoisChicago
96.7%
GeorgiaAtlanta
95.7%
IndianaIndianapolis
95.3%
MassachusettsBoston
95.3%
NevadaLas Vegas
95.3%
HawaiiHonolulu
95%
ColoradoDenver
94.7%
MichiganDetroit
94.7%
New YorkNew York
94.7%
AlaskaAnchorage
93.3%
ArkansasLittle Rock
93%
MinnesotaMinneapolis
92%
IdahoBoise
91.3%
MarylandBaltimore
91.3%
OklahomaOklahoma City
91.3%
PennsylvaniaPhiladelphia
91.3%
OregonPortland
89.7%
FloridaJacksonville
89.3%
IowaDes Moines
89%
MissouriKansas City
88.7%
OhioColumbus
88%
AlabamaBirmingham
87%
TexasHouston
86%
State City % Correct
KentuckyLouisville
85%
LouisianaBaton Rouge
85%
MississippiJackson
84.7%
UtahSalt Lake City
84.7%
TennesseeMemphis
83.7%
Rhode IslandProvidence
82.7%
North CarolinaCharlotte
82.3%
New JerseyNewark
80.7%
New MexicoAlbuquerque
80.3%
NebraskaOmaha
80%
WashingtonSeattle
80%
MainePortland
75.3%
WisconsinMilwaukee
73.7%
South CarolinaColumbia
71.7%
KansasWichita
68.7%
North DakotaFargo
65.7%
DelawareWilmington
64.3%
MontanaBillings
64%
VirginiaVirginia Beach
64%
WyomingCheyenne
64%
West VirginiaCharleston
63.7%
ConnecticutBridgeport
56.7%
South DakotaSioux Falls
55.7%
New HampshireManchester
55.3%
VermontBurlington
51.3%

You're not logged in!

Compare scores with friends on all Sporcle quizzes.
OR
Log In

From the Vault

'B' American History Figures

by william2

'I shall never do a man's work for less than a man's pay.'
Remove Ads.
Support Sporcle.
Get the best of Sporcle when you Go Orange. This ad-free experience offers more features, more stats, and more fun while also helping to support Sporcle. Thank you for becoming a member.

Show Comments

Extras

Top Quizzes Today


Score Distribution

Your Account Isn't Verified!

In order to create a playlist on Sporcle, you need to verify the email address you used during registration. Go to your Sporcle Settings to finish the process.

Report this User

Report this user for behavior that violates our Community Guidelines.

Details: